Gardening for a greener planet : Chiemical free approach

Bibliographic Details
Main Author: Erickson, Jonathan
Format: Book
Published: Blue Ridge Summit : TAB Books , 1992
Subjects:

MARC

LEADER 00000cam a2200000 7i4500
001 0000001957
002 000002125
005 20000330.0
020 |a 0830639055 
090 0 0 |a 635.987   |b ERI 
100 1 |a Erickson, Jonathan 
245 1 0 |a Gardening for a greener planet :   |b Chiemical free approach   |c Jonathan Erickson 
260 |a Blue Ridge Summit :   |b TAB Books ,   |c 1992 
300 |a 156p. :   |b Illust 
650 0 0 |a Garden pests   |x Biological control 
650 0 0 |a Organic gardening 
999 |a 028043   |b BUKU   |c PINJAMAN   |e PERPUSTAKAAN KOMUNITI PETALING JAYA